Дело по прошению губернского секретаря Неклюдова об увольнении его на 28 дней в отпуск; тут же и об увольнении его от должности ...

Доступно только в Электронных читальных залах Найти на картеНа карте
RUSMARC
00003802nmc2a22000003x 450
0018413fb26-342d-417d-96d8-88b7516b46b0
00520180712100023.0
100##$a20160211l18431844k l0rusy0189 ca
1010#$arus
102##$aRU
2001#$aДело по прошению губернского секретаря Неклюдова об увольнении его на 28 дней в отпуск; тут же и об увольнении его от должности старшего помощника столоначальника и о причислении к Департаменту полиции исполнительной
$j18 мая 1843 г. - 31 декабря 1844 г.
251##$cДело
300##$aДело
801#0$aRU
$bРГИА
$c20160211
$gRCR
801#1$aRU
$bГлавНИВЦ
$c20160211
$2rusmarc
801#2$aRU
$bПБ им. Б.Н. Ельцина
$c20180712
$gRCR
$2rusmarc
850##$aРГИА
852##$aРГИА
$eФедеральное казенное учреждение "Российский государственный исторический архив" (РГИА)
$j31
937##$hРГИА
$d12196365
$aASBIBLIO_SCAN
462#0$1001e71f34c7-6ba6-4504-897e-253c950c25bd
$12001
$a1841-1843 гг. Дела Департамента полиции исполнительной МВД за 1843 г.
$1251
$cОпись
$1852
$j8
461#0$10013e300ed0-cd39-49af-8489-5ba5b90fa401
$12001
$aДепартамент полиции исполнительной МВД
$1251
$cФонд
$1852
$j1286
215##$a19 л.
$d36,5х26 см
371##$aДокумент не является опубликованным и широко распространяемым
105##$ay###
1222#$ad
035##$a8413fb26-342d-417d-96d8-88b7516b46b0
856##$uhttp://readingroom.main.prlib.ru/item.aspx?id_node=n117212584&mode=full
Формат отображения